Ten years of hand pollination of Hevea in Vietnam (Record no. 47027)

MARC details
000 -LEADER
fixed length control field 00345nam a2200121Ia 4500
100 ## - MAIN ENTRY--AUTHOR NAME
Personal name Tran Thi Thuy Hoa
245 #0 - TITLE STATEMENT
Title Ten years of hand pollination of Hevea in Vietnam
260 ## - PUBLICATION, DISTRIBUTION, ETC. (IMPRINT)
Name of publisher Indian Journal of Natural Rubber Research
Year of publication 1993
300 ## - PHYSICAL DESCRIPTION
Number of Pages 150-155
700 ## - ADDED ENTRY--PERSONAL NAME
Personal name Ngo Van Hoang
942 ## - ADDED ENTRY ELEMENTS (KOHA)
Koha item type Articles
Holdings
Withdrawn status Lost status Damaged status Not for loan Home library Current library Shelving location Date acquired Serial Enumeration / chronology Koha item type
      Articles RRII Library RRII Library Botany 20/12/2021 Volume 6, Issue 1&2 Articles